[Event "Match"]
[Site "www.echecsemail.com"]
[Date "2017.10.19"]
[Round "1"]
[White "Gidi5"]
[Black "Rons"]
[WhiteElo "1499"]
[BlackElo "2630"]
[Result "1-0"]
[Round "1"]
1.e4 c5
2.Ng1f3 d6
3.d4 cxd4
4.Nf3xd4 Ng8f6
5.Nb1c3 a6
6.Bc1e3 e6
7.Bf1e2 Qd8c7
8.O-O b5
9.a3 Bc8b7
10.Be2f3 Nb8d7
11.Qd1d2 Bf8e7
12.Rf1e1 O-O-O
13.Nd4xb5 axb5
14.Nc3xb5 { resign }
1-0

[Event "Match"]
[Site "www.echecsemail.com"]
[Date "2017.10.19"]
[Round "1"]
[White "Bjonil60"]
[Black "Tonino1"]
[WhiteElo "1500"]
[BlackElo "2170"]
[Result "0-1"]
[Round "1"]
1.Nb1c3 d6
2.e3 Ng8f6
3.Qd1e2 g6
4.Ng1f3 Bf8g7
5.d4 O-O
6.Bc1d2 c6
7.O-O-O Qd8c7
8.a3 e5
9.dxe5 dxe5
10.h3 b6
11.Nc3a2 h6
12.c3 Bc8e6
13.c4 b5
14.b3 Nb8d7
15.Bd2c3 a6
16.b4 Be6xc4
17.Qe2e1 Bc4xa2
18.Kb2 Ba2e6
19.g3 Nf6d5
20.Bc3d2 c5
21.Rd1c1 e4
22.Kb3 Nd5xe3
23.Rc1c4 bxc4
24.Ka4 Nd7b6
25.Ka5 Nb6d5
26.Ka4 Be6d7
27.b5 axb5

0-1

[Event "Match"]
[Site "www.echecsemail.com"]
[Date "2017.10.19"]
[Round "1"]
[White "Gidi5"]
[Black "Apdash"]
[WhiteElo "2059"]
[BlackElo "2250"]
[Result "1-0"]
[Round "1"]
1.e4 c5
2.Ng1f3 d6
3.d4 cxd4
4.Nf3xd4 g6
5.Nb1c3 Bf8g7
6.Bc1e3 Ng8f6
7.Bf1e2 Nb8c6
8.O-O O-O
9.f4 e5
10.Nd4xc6 bxc6
11.f5 d5
12.Be3c5 Rf8e8
13.fxg6 hxg6
14.exd5 cxd5
15.Nc3b5 a6
16.Nb5d6 Re8e6
17.Nd6xc8 Ra8xc8
18.Bc5e3 Re6c6
19.c3 Rc6d6
20.Qd1d2 Nf6e4
21.Qd2e1 d4
22.cxd4 exd4
23.Be3f4 Rd6e6
24.Qe1d1 Qd8b6
25.Qd1b3 Qb6a7
26.Be2g4 Re6b6
27.Qb3d3 f5
28.Bg4d1 Ne4c5
29.Qd3c4 Qa7f7
30.Qc4xf7 Kxf7
31.Ra1c1 Rb6c6
32.b4 Nc5e4
33.Rc1xc6 Rc8xc6
34.Bd1b3 Kf6
35.Bb3d5 Rc6c2
36.Bd5xe4 fxe4
37.Bf4h6 Ke6
38.Bh6xg7 Kd5
39.Rf1f8 d3
40.Rf8d8 Ke6
41.Rd8d4 Rc2e2
42.Kf1 g5
43.a4 Kf5
44.b5 axb5
45.axb5 Re2b2
46.Rd4d5 Ke6
47.Bg7xb2 Kxd5
48.b6 e3
49.b7 e2
50.Kf2 d2
51.Kxe2 { resign }
1-0

[Event "Match"]
[Site "www.echecsemail.com"]
[Date "2017.10.19"]
[Round "1"]
[White "Ditto"]
[Black "Geodad5"]
[WhiteElo "1920"]
[BlackElo "2090"]
[Result "0-1"]
[Round "1"]
1.d4 d5
2.Ng1f3 Nb8c6
3.Bc1f4 Ng8f6
4.e3 Bc8g4
5.Bf1b5 Bg4d7
6.O-O e6
7.Bf4g5 Bf8e7
8.Rf1e1 O-O
9.Bb5a4 h6
10.Bg5f4 a6
11.c3 b5
12.Ba4c2 Nf6e8
13.Qd1d3 f5
14.Nb1d2 Ne8f6
15.Bc2b3 { time. }
0-1

[Event "Match"]
[Site "www.echecsemail.com"]
[Date "2017.10.19"]
[Round "1"]
[White "Tonino1"]
[Black "Add"]
[WhiteElo "2170"]
[BlackElo "2190"]
[Result "1/2-1/2"]
[Round "1"]
1.d4 d5
2.f4 Ng8f6
3.e3 Bc8f5
4.Bf1d3 Bf5xd3
5.Qd1xd3 e6
6.Ng1f3 Nf6e4
7.Nb1d2 Ne4xd2
8.Bc1xd2 a6
9.O-O Bf8d6
10.Nf3g5 h6
11.Ng5h3 f5
12.c4 c6
13.c5 Bd6e7
14.Nh3f2 Nb8d7
15.b4 Nd7f6
16.a4 O-O
17.b5 Qd8c7
18.b6 Qc7d8
19.h3 Nf6e4
20.Nf2xe4 fxe4
21.Qd3e2 Be7h4
22.Qe2g4 Qd8e7
23.f5 exf5
24.Rf1xf5 Rf8xf5
25.Qg4xf5 Ra8f8
26.Qf5g4 Qe7f6
27.Qg4e2 Qf6g6
28.Ra1f1 Rf8xf1
29.Qe2xf1 Qg6g3
30.Qf1f5 Qg3b8
31.Qf5g4 Qb8d8
32.g3 Bh4f6
33.Qg4f4 Qd8c8
34.Kg2 Bf6g5
{ draw }
1/2-1/2

[Event "Match"]
[Site "www.echecsemail.com"]
[Date "2017.10.19"]
[Round "1"]
[White "Whitekknight"]
[Black "Mokka0616"]
[WhiteElo "1950"]
[BlackElo "1459"]
[Result "1-0"]
[Round "1"]
1.d4 d5
2.e4 dxe4
3.Nb1c3 f5
4.Bc1f4 Nb8c6
5.Nc3b5 e5
6.dxe5 a6
7.Qd1xd8 Kxd8
8.O-O-O Ke8
9.Nb5xc7 Kf7
10.Bf1c4 Ke7
11.Bf4g5 Ng8f6
12.exf6 gxf6
13.Nc7d5 Ke8
14.Nd5xf6  { time }
1-0

[Event "1/32 Finale"]
[Site "www.chess-mail.com"]
[Date "2017.10.19"]
[Round "1"]
[White "Sbb"]
[Black "Bojan"]
[WhiteElo "2480"]
[BlackElo "1950"]
[Result "1-0"]
[Round "1"]
1.d4 d5
2.c4 dxc4
3.e4 e5
4.Ng1f3 exd4
5.Bf1xc4 Bf8d6
6.O-O Bc8g4
7.e5 Bd6c5
8.Qd1b3 b6
9.Bc4xf7 Kf8
10.Bf7xg8 Rh8xg8
11.Nf3g5 Qd8e8
12.Ng5xh7 Ke7
13.Qb3d5 Qe8f7
14.Bc1g5 Ke8
15.Qd5d8 
1-0

[Event "Eq:Slap Shot Mates-Tigers of Istanbul : "]
[Site "www.chess-mail.com"]
[Date "2017.10.19"]
[Round "1"]
[White "Orhany24"]
[Black "Danquigley"]
[WhiteElo "2120"]
[BlackElo "2590"]
[Result "0-1"]
[Round "1"]
1.e4 d6
2.d4 Ng8f6
3.Bf1d3 e5
4.d5 g6
5.c4 Bf8g7
6.Nb1c3 O-O
7.Ng1e2 c6
8.h3 cxd5
9.cxd5 Nb8d7
10.Bc1e3 Nd7c5
11.Bd3c2 a5
12.a4 b6
13.O-O Bc8a6
14.Rf1e1 Qd8e7
15.Qd1d2 Rf8c8
16.f4 Nf6xe4
17.Nc3xe4 Nc5xe4
18.Bc2xe4 exf4
19.Be3xb6 Qe7xe4
20.Ne2c3 Qe4b4
21.Bb6f2 Rc8xc3
{ resign }
0-1

[Event "Fast Game"]
[Site "www.echecsemail.com"]
[Date "2017.10.19"]
[Round "1"]
[White "Tonino1"]
[Black "Stevep84"]
[WhiteElo "1909"]
[BlackElo "1980"]
[Result "1/2-1/2"]
[Round "1"]
1.d4 c6
2.f4 d5
3.e3 Bc8f5
4.Bf1d3 Bf5xd3
5.Qd1xd3 e6
6.Ng1f3 Nb8d7
7.Nb1d2 Bf8d6
8.O-O Qd8c7
9.Nf3e5 Bd6xe5
10.fxe5 Ng8h6
11.e4 O-O-O
12.c3 f6
13.exf6 Nd7xf6
14.e5 Nf6d7
15.h3 Nh6f5
16.Nd2f3 Nd7b6
17.b3 Nf5g3
18.Rf1e1 Ng3e4
19.Nf3g5 Ne4xg5
20.Bc1xg5 Rd8f8
21.Re1f1 h6
22.Bg5e3 Rf8f7
23.Qd3g6 Rh8f8
24.Qg6xe6 Kb8
25.Rf1xf7 Rf8xf7
26.Ra1f1 Rf7xf1
27.Kxf1 Nb6c8
28.g3 Qc7a5
29.Qe6f7 Qa5xc3
30.Be3f4 Qc3f3
{ draw }
1/2-1/2

[Event "Tourn. n9540"]
[Site "www.chess-mail.com"]
[Date "2017.10.20"]
[Round "1"]
[White "Cjood"]
[Black "Norlavuaram"]
[WhiteElo "2000"]
[BlackElo "2070"]
[Result "0-1"]
[Round "1"]
1.b3 Ng8f6
2.Bc1b2 g6
3.Ng1f3 Bf8g7
4.d4 d5
5.g3 O-O
6.e3 Nb8d7
7.Bf1d3 c5
8.dxc5 Nd7xc5
9.Qd1e2 Bc8g4
10.Nb1d2 Nc5e4
11.O-O-O Qd8a5
12.a4 Ne4c3
13.Bb2xc3 Qa5xc3
14.Kb1 Nf6e4
 { time }
0-1

[Event "Tourn. n9501"]
[Site "www.chess-mail.com"]
[Date "2017.10.20"]
[Round "1"]
[White "Falcoale"]
[Black "Orhany24"]
[WhiteElo "2020"]
[BlackElo "2090"]
[Result "0-1"]
[Round "1"]
1.e4 e5
2.Ng1f3 Nb8c6
3.Bf1b5 a6
4.Bb5a4 Ng8f6
5.d3 b5
6.Ba4b3 Bf8e7
7.O-O d6
8.a3 O-O
9.h3 Bc8e6
10.Bb3a2 h6
11.Nb1c3 Nc6a5
12.Nc3d5 Nf6xd5
13.exd5 Be6d7
14.Bc1d2 c5
15.Qd1c1 Kh7
16.Qc1e1 Na5b7
17.Ba2b1 f5
18.c4 Be7f6
19.Nf3h2 g5
20.Bb1c2 Qd8e7
21.Ra1b1 Rf8g8
22.f3 Kh8
23.b4 Ra8f8
24.Bd2c3 Nb7d8
25.Qe1f2 Nd8f7
26.Rb1e1 Qe7d8
27.Qf2d2 g4
28.hxg4 fxg4
29.Bc2d1 Bf6h4
30.Nh2xg4 h5
31.Ng4h6 Bh4g5
32.Nh6xf7 Rf8xf7
33.Qd2b2 Bg5f4
34.bxc5 Bd7h3
35.Re1e2 Rf7g7
36.a4 Bh3xg2
37.Rf1f2 Bg2xf3
38.Kf1 Rg7g1

0-1

[Event "Tourn. n9525"]
[Site "www.chess-mail.com"]
[Date "2017.10.20"]
[Round "1"]
[White "Amaya"]
[Black "Falcoale"]
[WhiteElo "2070"]
[BlackElo "1970"]
[Result "0-1"]
[Round "1"]
1.d4 Ng8f6
2.e3 e6
3.Bf1d3 b6
4.f4 Bc8b7
5.Ng1f3 c5
6.c3 cxd4
7.cxd4 Bf8e7
8.Nb1d2 O-O
9.O-O Nb8c6
10.a3 d6
11.Qd1e1 d5
12.Nf3e5 h6
13.g4 Nc6xe5
14.fxe5 Nf6xg4
15.e4 h5
16.exd5 Bb7xd5
17.Nd2e4 Ra8c8
18.Bc1f4 f6
19.Ne4g3 f5
20.Ng3xh5 Be7h4
21.Bf4g3 Bh4xg3
22.Qe1xg3 Qd8g5
23.Nh5f4 Qg5d8
24.h3 Bd5c4
25.Bd3xc4 Qd8xd4
26.Kh1 Rc8xc4
27.hxg4 fxg4
28.Nf4g6 Qd4e4
29.Kg1 Rf8xf1
30.Ra1xf1 Qe4xg6
31.Rf1d1 Rc4c8
32.Qg3g2 Qg6f5
33.Qg2b7 Rc8f8
34.Qb7g2 Qf5f3
35.Rd1d4 Qf3e3
{ resign }
0-1

[Event "Tourn. n9518"]
[Site "www.chess-mail.com"]
[Date "2017.10.20"]
[Round "1"]
[White "Cjood"]
[Black "Norlavuaram"]
[WhiteElo "2010"]
[BlackElo "2070"]
[Result "0-1"]
[Round "1"]
1.e4 e5
2.Ng1f3 Nb8c6
3.Bf1b5 a6
4.Bb5a4 Ng8f6
5.d3 b5
6.Ba4b3 Bf8e7
7.Nb1c3 d6
8.Nf3g5 O-O
9.Qd1f3 h6
10.Ng5xf7 Rf8xf7
11.Bb3xf7 Kxf7
12.Nc3d5 Nc6d4
13.Qf3d1 Nf6xd5
14.exd5 Kg8
15.c3 Nd4f5
16.Qd1g4 Be7g5
17.Qg4e2 Bg5f6
18.O-O Bc8b7
19.Qe2g4 Qd8c8
20.c4 bxc4
21.dxc4 Nf5d4
22.Qg4xc8 Bb7xc8
23.Ra1b1 Bc8f5
24.Rb1a1 Bf5d3
25.Rf1d1 Bd3xc4
26.b3 Bc4xd5
27.Bc1e3 c5
28.Be3xd4 exd4
29.Ra1c1 Ra8e8
30.f3 Re8e2
31.Rd1e1 Re2xa2
 { time }
0-1

[Event "Tourn. n9477"]
[Site "www.chess-mail.com"]
[Date "2017.10.20"]
[Round "1"]
[White "Aiko1603"]
[Black "Claymil"]
[WhiteElo "2000"]
[BlackElo "2080"]
[Result "1-0"]
[Round "1"]
1.c4 c5
2.Nb1c3 Nb8c6
3.g3 g6
4.Bf1g2 Bf8g7
5.Ng1f3 e6
6.O-O Ng8e7
7.d3 O-O
8.Bc1g5 h6
9.Bg5xe7 Qd8xe7
10.Qd1d2 b6
11.a3 Bc8b7
12.Nc3b5 d5
13.cxd5 exd5
14.Nb5c3 Ra8d8
15.e3 Rf8e8
16.Ra1b1 a6
17.Nc3e2 Kh7
18.Ne2f4 b5
19.Nf3e1 Nc6e5
20.d4 Ne5c4
21.Qd2c3 cxd4
22.exd4 Qe7d6
23.Ne1f3 Rd8c8
24.Qc3d3 f5
25.Nf3d2 Rc8c7
26.Bg2h3 Qd6f6
27.Nd2f3 Rc7e7
28.b4 Re8c8
29.Rf1e1 Rc8e8
30.Re1xe7 Re8xe7
31.Kf1 Qf6f7
32.Nf4xg6 Re7e4
33.Ng6e5 Nc4xe5
34.Nf3xe5 Qf7e6
35.Ne5f3 Qe6f7
36.Nf3h4 Re4xd4
37.Bh3xf5 Kh8
38.Nh4g6 Kg8
39.Qd3e3 Bb7c8
40.Ng6e7 Kh8
41.Bf5xc8 Rd4e4
42.Qe3c5 Bg7d4
43.Qc5c2 Qf7xe7
44.Bc8xa6 Qe7d7
45.Qc2c8 Qd7xc8
46.Ba6xc8 Bd4c3
47.Bc8f5 Re4e5
48.Bf5d3 d4
49.Kg2 Kg7
50.Kf3 Kf6
51.h4 h5
52.Kf4 Bc3d2
53.Kf3 Bd2c3
54.g4 hxg4
55.Kxg4 Bc3e1
56.f4 Re5e3
57.Bd3xb5 Be1c3
58.Rb1b3 Re3e1
59.Bb5d3 Re1a1
60.b5 Bc3a5
61.b6 Ba5xb6
62.Rb3xb6 Kf7
63.Rb6b4 Ra1xa3
64.Rb4xd4 Kf6
65.h5 Ra3a7
66.Rd4d6 Ke7
67.Rd6g6 Kf7
68.Bd3c4 Kf8
69.h6 Ra7h7
70.Bc4g8 { resign }
1-0

[Event "Tourn. n9500"]
[Site "www.chess-mail.com"]
[Date "2017.10.20"]
[Round "1"]
[White "Hundegana"]
[Black "Vios"]
[WhiteElo "1950"]
[BlackElo "1979"]
[Result "0-1"]
[Round "1"]
1.f4 e5
2.fxe5 d6
3.exd6 Bf8xd6
4.Ng1f3 Ng8f6
5.d3 Bc8g4
6.Nb1c3 Nb8c6
7.Bc1e3 O-O
8.h3 Bg4h5
9.g4 Bh5g6
10.Bf1g2 Bd6g3
11.Be3f2 Bg3xf2
12.Kxf2 Qd8d6
13.a3 Ra8e8
14.Rh1e1 Nc6e5
15.Nf3xe5 Qd6xe5
16.Bg2xb7 c6
17.Bb7xc6 Qe5c5
18.d4 Qc5xc6
19.Qd1d2 Nf6e4
20.Nc3xe4 Qc6xe4
21.d5 Qe4xc2
22.Ra1d1 Qc2b3
23.h4 f5
24.h5 fxg4
25.Kg2 Bg6e4
26.Kh2 Qb3h3
27.Kg1 Qh3g2
{ resign }
0-1

[Event "Tourn. n9560"]
[Site "www.chess-mail.com"]
[Date "2017.10.20"]
[Round "1"]
[White "Francesco"]
[Black "Norlavuaram"]
[WhiteElo "2140"]
[BlackElo "2100"]
[Result "1-0"]
[Round "1"]
1.e4 e5
2.Ng1f3 Qd8e7
3.Nb1c3 c6
4.d4 d6
5.Bf1c4 h6
6.Bc1e3 g6
7.Qd1d2 Bf8g7
8.dxe5 dxe5
9.O-O-O Ng8f6
10.Nf3xe5 O-O
11.Ne5xg6 { resign }
1-0

[Event "Tourn. n9569"]
[Site "www.chess-mail.com"]
[Date "2017.10.20"]
[Round "1"]
[White "Jazzy"]
[Black "Apdash"]
[WhiteElo "2230"]
[BlackElo "2210"]
[Result "1/2-1/2"]
[Round "1"]
1.d4 d5
2.c4 Ng8f6
3.Ng1f3 e6
4.g3 Bf8b4
5.Bc1d2 Bb4xd2
6.Nb1xd2 O-O
7.Bf1g2 dxc4
8.O-O Nb8c6
9.Nd2xc4 Rf8e8
10.e3 Nc6e7
11.Qd1c2 Ne7d5
12.Nc4e5 Nf6d7
13.Ra1c1 c6
14.a3 Nd7xe5
15.Nf3xe5 f6
16.Ne5d3 Bc8d7
17.Rf1d1 Kh8
18.e4 Nd5e7
19.Nd3c5 b6
20.Nc5xd7 Qd8xd7
21.d5 exd5
22.exd5 cxd5
23.Qc2d2 Ra8d8
24.Rc1c3 Kg8
25.Rc3d3 Kf8
26.Bg2xd5 Ne7xd5
27.Rd3xd5 Qd7xd5
28.Qd2xd5 Rd8xd5
29.Rd1xd5 Re8e7
30.b4 { draw }
1/2-1/2

[Event "Tourn. n9561"]
[Site "www.chess-mail.com"]
[Date "2017.10.20"]
[Round "1"]
[White "Luban"]
[Black "Tonino1"]
[WhiteElo "2090"]
[BlackElo "2210"]
[Result "0-1"]
[Round "1"]
1.d4 Ng8f6
2.c4 g6
3.Nb1c3 Bf8g7
4.Ng1f3 O-O
5.e3 d6
6.h3 c6
7.Bf1d3 Qd8c7
8.O-O e5
9.b3 Rf8e8
10.Qd1c2 Nf6d7
11.Bc1b2 f5
12.dxe5 dxe5
13.Bd3e2 Nb8a6
14.a3 Na6c5
15.b4 Nc5e6
16.Rf1d1 e4
17.Nf3d4 Nd7e5
18.Ra1c1 b6
19.Nc3a2 Bc8a6
20.Nd4xe6 Re8xe6
21.Qc2d2 Bg7f6
22.Bb2xe5 Bf6xe5
23.Qd2d7 Qc7xd7
24.Rd1xd7 Re6d6
25.Rc1d1 Rd6xd1
26.Rd7xd1 Kf8
27.Kf1 Ke7
28.b5 Ba6b7
29.a4 c5
30.f3 exf3
31.Be2xf3 Bb7xf3
32.gxf3 Ra8d8
33.Rd1xd8 Kxd8
34.Ke2 Kd7
35.Kd3 Ke6
36.f4 Be5f6
37.e4 fxe4
38.Kxe4 Bf6b2
39.h4 Bb2d4
40.Kf3 Kf5
41.Na2c1 Bd4f6
42.Nc1d3 Bf6d4
43.Nd3e1 Bd4c3
44.Ne1d3 Bc3f6
45.a5 bxa5
46.Nd3xc5 Bf6xh4
47.Nc5a4 Bh4d8
48.c5 Bd8c7
{ resign }
0-1

[Event "Tourn. n9545"]
[Site "www.chess-mail.com"]
[Date "2017.10.20"]
[Round "1"]
[White "Apdash"]
[Black "Tonino1"]
[WhiteElo "2000"]
[BlackElo "2170"]
[Result "1-0"]
[Round "1"]
1.e4 d6
2.d4 Ng8f6
3.Nb1c3 g6
4.h4 h5
5.Bc1g5 Bf8g7
6.Qd1d2 O-O
7.O-O-O Kh7
8.f4 Nf6g4
9.f5 gxf5
10.exf5 Bc8xf5
11.Bf1d3 Bf5xd3
12.Qd2xd3 f5
13.Ng1h3 Qd8d7
14.Rh1f1 Nb8c6
15.Nh3f4 Nc6xd4
16.Nf4xh5 c5
17.Nh5xg7 Kxg7
18.Rd1e1 e5
19.Nc3d5 e4
20.Qd3g3 Qd7a4
21.Qg3c3 Qa4xa2
22.Nd5e7 Qa2e6
23.h5 Rf8f7
24.Ne7g6 b5
25.Ng6f4 Qe6e5
26.Qc3h3 Nd4e6
27.h6 Kh7
28.Qh3h5 Ne6xg5
29.Qh5g6 Kh8
30.Qg6xg5 Qe5f6
31.Qg5h5 Ng4xh6
32.g4 Kh7
33.g5 Qf6g7
34.g6  { time }
1-0

[Event "Tourn. n9555"]
[Site "www.chess-mail.com"]
[Date "2017.10.20"]
[Round "1"]
[White "Apdash"]
[Black "Tonino1"]
[WhiteElo "2100"]
[BlackElo "2170"]
[Result "1-0"]
[Round "1"]
1.e4 d6
2.d4 Ng8f6
3.f3 g6
4.Bf1c4 Bf8g7
5.Bc1e3 O-O
6.c3 e5
7.Ng1e2 c6
8.O-O b5
9.Bc4b3 a5
10.a4 b4
11.dxe5 dxe5
12.Qd1c2 bxc3
13.Nb1xc3 Bc8a6
14.Rf1d1 Qd8c8
15.Rd1d6 Nf6e8
16.Rd6d2 Nb8d7
17.Ra1d1 Ne8f6
18.Nc3a2 Qc8b7
19.Na2c1 c5
20.Bb3d5 Nf6xd5
21.Rd2xd5 Rf8d8
22.Qc2d2 Ba6xe2
23.Nc1xe2 Ra8a7
24.Be3xc5 Nd7xc5
25.Rd5xd8 Bg7f8
26.Qd2d6  { time }
1-0

[Event "Tourn. n9544"]
[Site "www.chess-mail.com"]
[Date "2017.10.20"]
[Round "1"]
[White "Apdash"]
[Black "Norlavuaram"]
[WhiteElo "2040"]
[BlackElo "2080"]
[Result "1-0"]
[Round "1"]
1.e4 e5
2.Ng1f3 Nb8c6
3.d4 exd4
4.Nf3xd4 Bf8c5
5.Bc1e3 Qd8f6
6.c3 Ng8e7
7.Bf1b5 a6
8.Bb5xc6 Ne7xc6
9.O-O O-O
10.f4 Nc6xd4
11.cxd4 Bc5a7
12.Qd1d3 d6
13.f5 Bc8d7
14.Nb1c3 Rf8e8
15.Nc3d5 Qf6d8
16.Rf1f4 c6
17.Nd5c3 b5
18.b4 Qd8c7
19.Rf4g4 c5
20.Nc3d5 Qc7c8
21.Nd5f6 Kh8
22.Nf6xe8 Qc8xe8
23.bxc5 dxc5
24.dxc5 Bd7c6
25.Qd3c3 Qe8f8
26.Kh1 Ra8e8
27.Be3h6 f6
28.Bh6xg7 { resign }
1-0

[Event "Tourn. n9532"]
[Site "www.chess-mail.com"]
[Date "2017.10.20"]
[Round "1"]
[White "Claymil"]
[Black "Norlavuaram"]
[WhiteElo "2120"]
[BlackElo "2070"]
[Result "1-0"]
[Round "1"]
1.c4 Ng8f6
2.Nb1c3 g6
3.g3 Bf8g7
4.Bf1g2 O-O
5.e3 c6
6.Ng1e2 d5
7.cxd5 cxd5
8.d4 Nb8c6
9.O-O e6
10.a3 Bc8d7
11.b4 Ra8c8
12.Bc1b2 Nc6e7
13.Ra1c1 Ne7f5
14.h3 Nf5d6
15.Ne2f4 Nd6c4
16.Bb2a1 a5
17.b5 b6
18.a4 Qd8e7
19.Nf4d3 Nf6e8
20.Qd1e2 Ne8d6
21.Rf1e1 Qe7g5
22.Kh2 h5
23.f4 Qg5h6
24.Nd3e5 Nc4xe5
25.dxe5 Nd6c4
26.Re1d1 f6
27.exf6 Bg7xf6
28.Nc3xd5 Bf6xa1
29.Nd5e7 Kh8
30.Rd1xd7 Ba1f6
31.Ne7xc8 Rf8xc8
32.Rc1xc4 { resign }
1-0

[Event "Tourn. n9495"]
[Site "www.chess-mail.com"]
[Date "2017.10.20"]
[Round "1"]
[White "Cjood"]
[Black "Jackbauer"]
[WhiteElo "1900"]
[BlackElo "1930"]
[Result "0-1"]
[Round "1"]
1.e4 c5
2.f4 e5
3.d3 exf4
4.Bc1xf4 Nb8c6
5.Nb1c3 g5
6.Bf4d2 Nc6e5
7.Ng1f3 Ne5xf3
8.Qd1xf3 Bf8e7
9.Nc3d5 Be7d6
10.Qf3f5 f6
11.O-O-O Bd6e5
12.g3 d6
13.Qf5f2 Ng8h6
14.Bf1e2 O-O
15.Be2h5 Bc8g4
16.Bh5xg4 Nh6xg4
17.Qf2f5 Ng4h6
18.Qf5e6 Nh6f7
19.Bd2c3 Be5xc3
20.bxc3 Rf8e8
21.Nd5xf6 Kg7
22.Nf6xe8 Qd8xe8
23.Qe6xe8 Ra8xe8
24.Rh1e1 Nf7e5
25.h3 h5
26.Re1f1 g4
27.hxg4 Ne5xg4
28.Rd1d2 b5
29.Rf1f5 Kg6
30.c4 Ng4e3
31.Rf5f3 Ne3g4
32.Rf3f4 b4
33.Rf4f5 Ng4e3
 { time }
0-1

[Event "Tourn. n9438"]
[Site "www.chess-mail.com"]
[Date "2017.10.20"]
[Round "1"]
[White "Geretree"]
[Black "Nulladies"]
[WhiteElo "1920"]
[BlackElo "1980"]
[Result "1-0"]
[Round "1"]
1.e4 c5
2.Ng1f3 g6
3.d4 cxd4
4.Nf3xd4 Bf8g7
5.Bf1c4 Nb8c6
6.Bc1e3 Ng8f6
7.Nb1c3 e6
8.Nd4xc6 bxc6
9.a3 d5
10.exd5 cxd5
11.Bc4b5 Bc8d7
12.Be3d4 O-O
13.Qd1f3 a6
14.Bb5xd7 Qd8xd7
15.Bd4xf6 Rf8e8
16.Bf6xg7 Kxg7
17.O-O Ra8c8
18.Ra1c1 Rc8b8
19.b4 Re8c8
20.Nc3e2 Qd7a4
21.Ne2d4 e5
22.Nd4b3 Qa4xa3
23.Rc1a1 e4
24.Qf3f4 Qa3b2
25.Qf4d2 Rc8xc2
26.Qd2d4 Qb2xd4
27.Nb3xd4 Rc2c4
28.Rf1d1 Rb8xb4
29.Nd4e2 Rb4a4
30.Ne2f4 Rc4d4
31.h4 Rd4xd1
32.Ra1xd1 d4
33.Kf1 f5
34.Nf4e6 Kh6
35.Ne6xd4 Ra4b4
36.Nd4c6 Rb4b6
37.Nc6a5 Rb6b5
38.Rd1a1 Kh5
39.g3 Kg4
40.Kg2 f4
41.gxf4 Kxf4
42.Na5c4 Rb5c5
43.Nc4e3 a5
44.Ra1a4 h6
45.Ne3c4 Kg4
46.Nc4xa5 Kf5
47.Kg3 Rc5c3
48.Kg2 Rc3c2
49.Na5c4 g5
50.Nc4e3 { resign }
1-0

[Event "Tourn. n9576"]
[Site "www.chess-mail.com"]
[Date "2017.10.20"]
[Round "1"]
[White "Luban"]
[Black "Apdash"]
[WhiteElo "2120"]
[BlackElo "2250"]
[Result "0-1"]
[Round "1"]
1.d4 d5
2.Ng1f3 Ng8f6
3.h3 Bc8f5
4.a3 e6
5.e3 h6
6.c4 c5
7.dxc5 Bf8xc5
8.b4 Bc5e7
9.Bc1b2 O-O
10.Bf1e2 dxc4
11.Qd1xd8 Rf8xd8
12.Be2xc4 Rd8c8
13.Bc4e2 a5
14.b5 Rc8c2
15.Bb2d4 Rc2c1
16.Be2d1 Rc1xb1
17.Ra1xb1 Bf5xb1
18.a4 Be7b4
19.Nf3d2 Nf6e4
{ resign }
0-1

[Event "Match"]
[Site "www.echecsemail.com"]
[Date "2017.10.20"]
[Round "1"]
[White "Cjood"]
[Black "Fangshuo"]
[WhiteElo "2000"]
[BlackElo "2070"]
[Result "0-1"]
[Round "1"]
1.Ng1f3 d5
2.g3 Nb8c6
3.Bf1g2 e5
4.d3 Ng8f6
5.e3 Bf8b4
6.c3 Bb4a5
7.Bc1d2 Bc8g4
8.O-O e4
9.d4 Bg4xf3
10.Bg2xf3 exf3
11.Qd1xf3 Nf6e4
12.b4 Ba5b6
13.Bd2c1 Nc6e7
14.a4 c6
15.a5 Bb6c7
16.Nb1d2 Ne4g5
17.Qf3h5 Ne7g6
18.f4 Ng5e4
19.Nd2xe4 dxe4
20.f5 Ng6f8
21.c4 Nf8d7
22.c5 Nd7f6
23.Qh5g5 O-O
24.h3 h6
25.Qg5h4 Nf6d5
26.Qh4xd8 Ra8xd8
27.g4 Nd5xb4
28.Ra1b1 Bc7xa5
29.Bc1a3 Nb4c2
30.Ba3c1 b5
31.cxb6 axb6
32.Rf1f2 Nc2b4
 { time }
0-1

[Event "Match"]
[Site "www.echecsemail.com"]
[Date "2017.10.20"]
[Round "1"]
[White "Jacks"]
[Black "Sachpat"]
[WhiteElo "2800"]
[BlackElo "2800"]
[Result "1-0"]
[Round "1"]
1.d4 Ng8f6
2.Bc1g5 d5
3.e3 Nb8d7
4.Ng1f3 c5
5.c3 e6
6.Nb1d2 Bf8e7
7.Bf1d3 O-O
8.Nf3e5 Qd8c7
9.f4 h6
10.Bg5h4 b6
11.O-O Bc8b7
12.Qd1e2 Qc7d8
13.Ra1d1 Nd7xe5
14.dxe5 Nf6d7
15.Bh4xe7 Qd8xe7
16.e4 c4
17.Bd3c2 b5
18.exd5 Bb7xd5
19.Nd2e4 f6
20.exf6 Nd7xf6
21.Ne4xf6 Qe7xf6
22.Rd1d4 Ra8d8
23.Rf1e1 Bd5b7
24.Rd4xd8 Rf8xd8
25.Qe2xe6 Qf6xe6
26.Re1xe6 Bb7xg2
27.Bc2g6 Bg2d5
28.Re6e7 a6
29.Kf2 Kf8
30.Re7a7 Rd8d6
31.f5 Bd5h1
32.Ra7f7 Kg8
33.Rf7e7 Bh1c6
34.Re7a7 Kf8
35.Ra7xa6 Ke7
36.Ke3 Rd6d3
37.Kf4 Kd7
38.Ra6a7 Kd6
39.Ra7xg7 Rd3d2
40.Bg6h5 Rd2xb2
41.Rg7g6 Kc5
42.f6 Bc6d5
43.Bh5f3 Rb2f2
44.Rg6g3 Rf2f1
45.Ke3 Bd5f7
46.Ke2 Rf1a1
47.Rg3g7 Ra1xa2
48.Ke3 Bf7e6
49.Kf4 { resign }
1-0

[Event "Match"]
[Site "www.echecsemail.com"]
[Date "2017.10.20"]
[Round "1"]
[White "Chapi"]
[Black "Gidi5"]
[WhiteElo "2160"]
[BlackElo "1499"]
[Result "0-1"]
[Round "1"]
1.d4 Ng8f6
2.c4 e6
3.Nb1c3 Bf8b4
4.Bc1d2 O-O
5.Ng1f3 b6
6.g3 Bc8b7
7.Bf1g2 d5
8.b3 Bb4e7
9.O-O Nb8d7
10.Bd2f4 c6
11.Nf3e5 Nd7xe5
12.Bf4xe5 Nf6g4
13.e4 Ng4xe5
14.exd5 exd5
15.cxd5 Be7b4
16.Ra1c1 Bb7a6
17.dxe5 Ba6xf1
18.Kxf1 Bb4xc3
19.Rc1xc3 cxd5
20.Rc3d3 Qd8e7
21.f4 Ra8d8
22.Bg2xd5 Kh8
23.Bd5e4 Rd8xd3
24.Qd1xd3 Rf8d8
25.Qd3c2 Qe7c5
26.Be4xh7 Qc5xc2
27.Bh7xc2 Rd8d2
28.Bc2b1 Rd2xh2
29.Bb1d3 Rh2xa2
30.f5 Ra2a5
31.e6 fxe6
32.fxe6 Ra5e5
33.Bd3c4 b5
34.Bc4e2 Kg8
35.Be2g4 Kf8
36.Kf2 Ke7
37.Kf3 a5
38.Kf4 Re5xe6
39.Bg4xe6 Kxe6
40.Ke4 a4
41.bxa4 bxa4
42.Kd4 Kf5
43.Kc4 Kg4
44.Kb4 Kxg3
45.Kxa4 g5
{ resign }
0-1

[Event "Match"]
[Site "www.echecsemail.com"]
[Date "2017.10.20"]
[Round "1"]
[White "Cjood"]
[Black "Krystek23"]
[WhiteElo "2010"]
[BlackElo "2370"]
[Result "0-1"]
[Round "1"]
1.b3 Ng8f6
2.Bc1b2 e6
3.g3 c5
4.Bf1g2 d5
5.Ng1f3 Nb8c6
6.e3 Bf8e7
7.d3 d4
8.e4 e5
9.O-O a6
10.Nb1d2 Bc8e6
11.Ra1b1 b5
12.c3 Ra8c8
13.cxd4 exd4
14.Rf1e1 O-O
15.Nf3g5 Be6g4
 { time }
0-1

[Event "Match"]
[Site "www.echecsemail.com"]
[Date "2017.10.20"]
[Round "1"]
[White "Pforjan"]
[Black "Tonino1"]
[WhiteElo "2399"]
[BlackElo "2170"]
[Result "1-0"]
[Round "1"]
1.f4 Ng8f6
2.Ng1f3 g6
3.e3 Bf8g7
4.Nb1c3 O-O
5.b3 d6
6.Bc1b2 c6
7.Bf1e2 Qd8c7
8.O-O Nf6e4
9.Nc3xe4 Bg7xb2
10.Ra1b1 Bb2g7
11.d4 Bc8f5
12.Ne4g3 Bf5d7
13.Be2d3 e5
14.dxe5 dxe5
15.f5 Qc7b6
16.fxg6 Qb6xe3
17.Kh1 hxg6
18.Rf1e1 Qe3c5
19.Ng3e4 Qc5e7
20.Qd1d2 f5
21.Ne4g5 e4
22.Bd3c4 Kh8
23.Qd2f2 Bg7h6
24.Qf2h4 Kg7
25.Ng5e6 Kf7
26.Ne6c7  { time }
1-0

[Event "Match"]
[Site "www.echecsemail.com"]
[Date "2017.10.20"]
[Round "1"]
[White "Mokka0616"]
[Black "Cristiano"]
[WhiteElo "1459"]
[BlackElo "1640"]
[Result "0-1"]
[Round "1"]
1.e4 e5
2.c3 d6
3.Bf1c4 Ng8f6
4.d3 Nb8c6
5.h3 a6
6.b4 Bf8e7
7.Qd1b3 O-O
8.Ng1f3 b5
9.Nf3g5 bxc4
10.dxc4 Bc8d7
11.h4 Qd8b8
12.c5 Nc6a5
13.bxa5 Qb8xb3
14.axb3 dxc5
15.c4 h6
16.Ng5f3 Be7d6
 { time }
0-1

[Event "Match"]
[Site "www.echecsemail.com"]
[Date "2017.10.20"]
[Round "1"]
[White "Cjood"]
[Black "Pellix84"]
[WhiteElo "1850"]
[BlackElo "2090"]
[Result "0-1"]
[Round "1"]
1.g3 Ng8f6
2.Bf1g2 d5
3.b3 c5
4.Bc1b2 e6
5.e3 Bf8e7
6.d3 Qd8a5
7.Bb2c3 Qa5a6
8.Ng1e2 b5
9.Nb1d2 Bc8b7
10.f3 Nb8c6
11.O-O O-O
12.a4 b4
13.Bc3b2 Ra8d8
14.Ne2c1 Qa6b6
15.Nc1e2 c4
16.bxc4 Qb6xe3
17.Rf1f2 dxc4
18.Nd2xc4 Qe3c5
19.Nc4d2 Nf6d5
20.Nd2e4 Qc5b6
21.c4 Nd5e3
22.Qd1d2 Ne3xc4
23.Qd2c1 Nc4xb2
24.Qc1xb2 Rd8xd3
25.Ne2f4 Rd3d7
26.Nf4h5 Nc6d4
27.h4 Bb7xe4
28.fxe4 Qb6c5
29.Ra1c1 Qc5xh5
 { time }
0-1

[Event "Match"]
[Site "www.echecsemail.com"]
[Date "2017.10.20"]
[Round "1"]
[White "Apdash"]
[Black "Calponas"]
[WhiteElo "1920"]
[BlackElo "2020"]
[Result "0-1"]
[Round "1"]
1.e4 c5
2.Ng1f3 d6
3.d4 cxd4
4.Nf3xd4 Ng8f6
5.Nb1c3 a6
6.Bf1e2 e5
7.Nd4f3 h6
8.Bc1e3 Bc8e6
9.Nc3d5 Be6xd5
10.exd5 Qd8a5
11.c3 Qa5xd5
12.Qd1a4 Nb8c6
13.Be2c4 Qd5a5
14.Qa4b3 b5
15.Bc4xf7 Kd8
16.Ra1d1 Kc7
17.O-O Bf8e7
18.Nf3h4 Rh8d8
19.Nh4f5 Be7f8
20.f4 e4
21.Be3d4 Ra8b8
22.Rf1e1 b4
23.Bd4xf6 gxf6
24.Re1xe4 Qa5xf5
25.Rd1e1 bxc3
26.Qb3xc3 Qf5c5
27.Qc3xc5 dxc5
28.b3 Rd8d2
29.a4 Rb8xb3
30.Bf7xb3 Nc6d4
31.Bb3c4 a5
32.Re4e8 Bf8d6
33.Re1f1 Rd2c2
34.Bc4b5 c4
35.Re8h8 Bd6c5
36.Kh1 Nd4xb5
37.axb5 c3
38.h4 Rc2d2
39.Kh2 c2
40.Rf1c1 Bc5a3
41.Rc1xc2 Rd2xc2
42.Rh8xh6 Ba3e7
43.Kh3 a4
44.Rh6h8 a3
45.Rh8a8 a2
46.g4 Be7c5
47.h5 Rc2c3
48.Kg2 Rc3a3
49.Ra8xa3 Bc5xa3
50.g5 a1Q
51.g6 Ba3f8
{ resign }
0-1